|
|
|
|
| LEADER |
01421nam a22003137a 4500 |
| 001 |
44481 |
| 003 |
BD-DhAAL |
| 005 |
20250722150232.0 |
| 008 |
250722t2004 bg ||||| |||| 00| f ben d |
| 020 |
|
|
|a 9844151600
|
| 020 |
|
|
|a 9789844151604
|
| 040 |
|
|
|a BD-DhAAL
|c BD-DhAAL
|
| 041 |
|
|
|a ben
|
| 082 |
|
|
|a 891.44372
|2 23
|
| 100 |
|
|
|a আহমেদ, হুমায়ূন,
|d ১৯৪৮-২০১২,
|e author.
|
| 245 |
|
|
|a হিমু মামা /
|c হুমায়ূন আহমেদ.
|
| 246 |
|
|
|a Himu mama (a novel)
|
| 250 |
|
|
|a দ্বিতীয় সংস্করণ.
|
| 260 |
|
|
|a ঢাকা :
|b অবসর,
|c ২০০৪.
|
| 300 |
|
|
|a ৭৯ পৃষ্ঠা :
|b চিত্র ;
|c ২২ সে.মি.
|
| 500 |
|
|
|a প্রথম প্রকাশ : ২০০৪
|
| 520 |
|
|
|a Social novel : family life.
|
| 541 |
|
|
|a Donated by Farhana Zahir, Assistant Professor, BRAC Business School
|e 44481
|
| 650 |
|
|
|a Bengali fiction.
|
| 650 |
|
|
|a Bengali literature.
|
| 852 |
|
|
|a Ayesha Abed Library
|c General Stacks
|
| 942 |
|
|
|2 ddc
|c BK
|
| 999 |
|
|
|c 47338
|d 47338
|
| 952 |
|
|
|0 0
|1 0
|2 ddc
|4 0
|6 891_443720000000000_AHM
|7 0
|9 77885
|a BRACUL
|b BRACUL
|c GEN
|d 2025-07-22
|e Donated by Farhana Zahir, Assistant Professor, BRAC Business School
|g 65.00
|l 7
|m 25
|o 891.44372 AHM
|p 3010044481
|r 2026-05-20
|s 2026-02-19
|t 1
|v 130.00
|w 2025-07-22
|y BK
|x Donated by Farhana Zahir, Assistant Professor, BRAC Business School
|